Turkish Super Lig Teams 2024-2025 - Statistics

General Stats
  • This quiz has been taken 217 times
  • The average score is 16 of 19
Answer Stats
Takım % Correct
3. Beşiktaş
99%
1. Galatasaray
99%
2. Fenerbahçe
98%
7. Trabzonspor
96%
4. Samsunspor
86%
12. Antalyaspor
85%
6. İstanbul Başakşehir
85%
19. Adana Demirspor
82%
16. Sivasspor
82%
15. Alanyaspor
79%
13. Kayserispor
77%
11. Konyaspor
77%
14. Rizespor
77%
5. Eyüpspor
75%
8. Gaziantep FK
74%
10. Göztepe
74%
18. Hatayspor
74%
9. Kasımpaşa
74%
17. Bodrumspor
65%
No matching quizzes found
Score Distribution
Percent of People with Each Score
Percentile by Number Answered
Your Score History
You have not taken this quiz